000 00483nam a2200169Ia 4500
005 20250326143729.0
008 250326s9999 xx 000 0 und d
037 _aTextbook
040 _aFMSL
_beng
_cFMSL
041 _aeng
_2eng
084 _aX:80bL:4:6 P5
_qFMSL
100 _aGupta J P
_992385
245 0 _aPublic health
_cGupta J P
260 _aNew Delhi
_bNew Delhi, Apothecaries Foundation
_c2005
942 _cTB
_hX:80bL:4:6 P5
999 _c1300778
_d1300778